000 00281nam a2200109Ia 4500
005 20251222141921.0
008 251222s9999||||xx |||||||||||||| ||spa||
082 _a869.5/P77
245 0 _aCreación Literaria 2001
264 _bPontificia Universidad Católica Del Perú
942 _cLIB
999 _c8725
_d8725